000
00274nam a2200097Ia 4500
082
_a
EJF MATT
245
0
_a
An elephant's tail
100
_a
Matthews, Elle, , 1966- Umhlanga, South Africa, [c.2008]
_9
16936
942
_c
BK
008
210817s9999 xx 000 0 und d
999
_c
149743
_d
149741